00000000nam##2200000za#4500
0019.647724
003CaOODSP
00520230202144025
007ta
008150407|2000||||xxc|||||     f|0| 0 eng|d
020 |a0-662-28907-2
040 |aCaOODSP|beng
043 |an-cn---
0861 |aH72-21/173-2000E
1102 |aNational Clearinghouse on Family Violence (Canada)‏.
24510|aAbuse of children with disabilities
260 |aOttawa - Ontario : |bHealth Canada. |c2000.
300 |a16p. : |breferences ; |c28 cm.
563 |aSoftcover
590 |a01-05|b2001-02-02
69007|aViolence against children|2gcpds
69007|aPersons with disabilities|2gcpds
69007|aChildren|2gcpds
77508|tMauvais traitement des enfants handicapés |w(CaOODSP)9.681109
7760#|tAbuse of children with disabilities / |w(CaOODSP)9.696111